000 00713cab a2200229 4500
001 WB2425-40
008 090401t1988 xxu||||| |||| 00| 0 eng d
035 _a(Sirsi) u48562
041 _aeng
245 _aDTC goes Dutch
260 _c1988
350 _a0
490 _aFinancial Times
_v20/6/88 p22
520 _aDebenham Tewson and Chinnocks have come to an agreement with the company Zadelhoff which has offices throughout the Netherlands and Germany to offer thier services to each other`s clients.
650 _aABOUT RICS-RICS MEMBERS
650 _aCOMMERCIAL AGENTS
650 _aEUROPE
650 _aOVERSEAS
690 _aPROPERTY-COMMERCIAL PROPERTY
942 _n0
948 _c04/03/1997
999 _c30505
_d30505